| 000 | 00717nam a22002177a 4500 | ||
|---|---|---|---|
| 003 | OSt | ||
| 005 | 20250822053301.0 | ||
| 008 | 250822b |||||||| |||| 00| 0 eng d | ||
| 020 | _a978-1-5297-7793-2 | ||
| 040 |
_aDWC-Main Lib _cOC |
||
| 082 | _aCirc. 150.151 W344s 2023 | ||
| 100 | _aWatt, Rogers | ||
| 245 |
_aStatistics for psychology : _ba beginner's guide/ _cRogers Watt & Elizabeth Collins |
||
| 250 | _aSecond edition | ||
| 260 |
_aLondon : _bSage Publication, _cc2023. |
||
| 300 |
_axx, 356 pages : _billustrations ; _c23cm. |
||
| 504 | _aIncludes bibliographical references. | ||
| 650 | _a1. Statistical psychology. | ||
| 700 | _aCollins, Elizabeth | ||
| 942 |
_2ddc _cBK-CIRC _eSecond edition _kCirc. _n0 |
||
| 999 |
_c4182 _d4182 |
||